Stop-Motion Films by Picture - Statistics

General Stats
  • This quiz has been taken 141 times
  • The average score is 10 of 16
Answer Stats
Picture Answer % Correct
The Nightmare Before Christmas
93%
Coraline
91%
The Corpse Bride
90%
Fantastic Mr. Fox
88%
Wallace and Gromit: The Curse of the Were-Rabbit
84%
Chicken Run
83%
Shaun the Sheep
80%
Frankenweenie
78%
Isle of Dogs
58%
James and the Giant Peach
58%
The Boxtrolls
53%
ParaNorman
48%
Kubo and the Two Strings
36%
The Wind in the Willows
30%
Anomalisa
17%
Santa Claus is Comin' to Town
14%
No matching quizzes found
Score Distribution
Percent of People with Each Score
Percentile by Number Answered
Your Score History
You have not taken this quiz